000 00803nam a2200301 a 4500
003 AR-BaBNM
005 20251128204801.0
008 082120s2002 ||||||||||||||000 | spa||
040 _cAR-BaBNM
100 1 _aGallegos, Rómulo
245 0 0 _aDoña Bárbara
260 _aCaracas
_bBiblioteca Ayacucho
_c1977
300 _a380 p.
_bcuadros
500 _aContiene notas de Subero, Efrain
500 _aVariantes en p. 261-263
500 _aCronología en p. 265-373
504 _aBibliografía en p. 375-380
650 4 _aDICTADURA
650 4 _aIDENTIDAD CULTURAL
650 4 _aNOVELAS
650 4 _aLENGUAS VERNACULAS
653 _aLITERATURA VENEZOLANA
653 _aNOVELA SOCIAL
655 _aLITERATURA
700 1 _aLiscano, Juan
_eprologuista
942 _cBK
998 _cisola
999 _c8812
_d8812